|
|
|
|
| LEADER |
00000nam0a2200000 4500 |
| 001 |
81658 |
| 005 |
20231031095241.0 |
| 010 |
|
|
|a 5809100147
|b 3000 экз.
|
| 021 |
|
|
|a RU
|b 05-8601
|9 05-449
|
| 035 |
|
|
|a (RuTPU)RU\TPU\book\87767
|
| 090 |
|
|
|a 81658
|
| 100 |
|
|
|a 20050922d2004 m y0rusy5002 ca
|
| 101 |
0 |
|
|a rus
|
| 102 |
|
|
|a RU
|
| 105 |
|
|
|a y z 000ay
|
| 200 |
1 |
|
|a Только для мертвых
|e детективный роман
|f Владимир Гриньков
|
| 210 |
|
|
|a Новосибирск
|c Мангазея
|d 2004
|
| 215 |
|
|
|a 360, [1] с.
|
| 225 |
1 |
|
|a Русский криминал
|
| 333 |
|
|
|a Исключено из фонда НТБ ТПУ
|
| 700 |
|
1 |
|a Гриньков
|b В.В.
|g Владимир Васильевич
|
| 801 |
|
0 |
|a RU
|b RKP
|c 20050322
|g PSBO
|
| 801 |
|
1 |
|a RU
|b 63413507
|c 20050922
|g PSBO
|
| 801 |
|
2 |
|a RU
|b 63413507
|c 20220429
|g PSBO
|
| 942 |
|
|
|c BK
|